00583nam a22001937a 450000500170000000800410001702000270005804000080008504100120009308200130010510000210011824500650013926000480020430000160025250400340026865000360030265000410033885000100037920200313135100.0200313b xxu||||| |||| 00| 0 eng d a9780241325438c₹ 999 beng aEnglish a330bALD aAldred, Jonathan aLicence to be badbHow economics corrupt uscJonathan Aldred aUKbPenguin Random House (Allen Lane)c2019 a310pb25 cm aIncludes references and index aEconomicsvSociological aspects aEconomicsvMoral and ethical aspects aLCLIB